000
00261nam a2200121Ia 4500
008
191201s2017 xx 000 0 und d
100
_a
ROY, Uttam K
245
0
_a
Web Technologies
260
_b
Oxford
_c
2017
300
_a
758
650
_a
MCA
942
_2
ddc
_c
BK
999
_c
6829
_d
6829